Statistics for Top 20 Most Famous Boxers

Click here to take the quiz!

General Stats

  • This quiz has been taken 2,127 times
  • The average score is 11 of 20

Answer Stats

%CareerBoxer% Correct
991960-1981Muhammad Ali
98%
831985-2005Mike Tyson
93%
531996-Floyd Mayweather Jr
79%
641969-1997George Foreman
76%
491977-1997Sugar Ray & Benny Leonard
66%
531965-1981Joe Frazier
65%
431940-1965Sugar Ray Robinson
60%
491984-2011Evander Holyfield
59%
451947-1955Rocky Marciano
59%
461909-1929Ted "Kid" Lewis
56%
481934-1951Joe Louis
54%
291992-2008Oscar De La Hoya
46%
251968-2001Roberto Duran
44%
321989-Roy Jones Jr
42%
241973-1987Marvin Hagler
41%
221977-2006Thomas Hearns
38%
231914-1927Jack Dempsey
37%
191973-2002Larry Holmes
37%
301897-1932Jack Johnson
36%
181980-2005Julio César Chávez
30%

Score Distribution

Percentile by Number Answered

Percent of People with Each Score

Your Score History

You have not taken this quiz